Science Quiz

Random Science or Anatomy Quiz

Vowel-less Bones Quiz Stats

 Plays Quiz Updated Jan 25, 2019

     
Support Sporcle.
Go Orange.
Score 0/20 Timer 04:00
3 Plays Today
Vowelless Name Bone % Correct
clvclclavicle
96.5%
mndblmandible
91.2%
fmrfemur
90.6%
strnmsternum
87.3%
tbtibia
85.9%
hmrshumerus
85.1%
ptllpatella
84.3%
phlnxphalanx
79.9%
mtcrplmetacarpal
79.7%
scplscapula
79.5%
Vowelless Name Bone % Correct
mttrslmetatarsal
75.4%
trpzmtrapezium
70.8%
rdsradius
68.7%
scphdscaphoid
59.8%
lnulna
59.5%
scrmsacrum
59.4%
stpsstapes
49.6%
mllsmalleus
36.4%
lmilium
30.1%
schmischium
24%

From the Vault

Either or, but Which?

by nabean

A much needed lessen/lesson in language.
Remove Ads.
Support Sporcle.
Get the best of Sporcle when you Go Orange. This ad-free experience offers more features, more stats, and more fun while also helping to support Sporcle. Thank you for becoming a member.

Show Comments

Extras

Top Quizzes Today


Score Distribution

Your Account Isn't Verified!

In order to create a playlist on Sporcle, you need to verify the email address you used during registration. Go to your Sporcle Settings to finish the process.

Report this User

Report this user for behavior that violates our Community Guidelines.

Details: